<?xml version="1.0" encoding="UTF-8"?><?xml-stylesheet type="text/xsl" href="static/style.xsl"?><OAI-PMH xmlns="http://www.openarchives.org/OAI/2.0/" xmlns:xsi="http://www.w3.org/2001/XMLSchema-instance" xsi:schemaLocation="http://www.openarchives.org/OAI/2.0/ http://www.openarchives.org/OAI/2.0/OAI-PMH.xsd"><responseDate>2026-04-27T20:11:02Z</responseDate><request verb="GetRecord" identifier="oai:uvadoc.uva.es:10324/70874" metadataPrefix="marc">https://uvadoc.uva.es/oai/request</request><GetRecord><record><header><identifier>oai:uvadoc.uva.es:10324/70874</identifier><datestamp>2024-10-25T10:35:59Z</datestamp><setSpec>com_10324_38</setSpec><setSpec>col_10324_852</setSpec></header><metadata><record xmlns="http://www.loc.gov/MARC21/slim" xmlns:doc="http://www.lyncode.com/xoai" xmlns:xsi="http://www.w3.org/2001/XMLSchema-instance" xmlns:dcterms="http://purl.org/dc/terms/" xsi:schemaLocation="http://www.loc.gov/MARC21/slim http://www.loc.gov/standards/marcxml/schema/MARC21slim.xsd">
<leader>00925njm 22002777a 4500</leader>
<datafield tag="042" ind1=" " ind2=" ">
<subfield code="a">dc</subfield>
</datafield>
<datafield tag="720" ind1=" " ind2=" ">
<subfield code="a">Centeno Olea, Juan Ignacio</subfield>
<subfield code="e">author</subfield>
</datafield>
<datafield tag="260" ind1=" " ind2=" ">
<subfield code="c">2024</subfield>
</datafield>
<datafield tag="520" ind1=" " ind2=" ">
<subfield code="a">Este trabajo se centra en el análisis del comportamiento térmico del edificio principal del Colegio San José de Valladolid. El estudio abarca los diferentes&#xd;
espacios que componen el edificio, los cuales son evaluados y clasificados para su posterior modelización utilizando la Herramienta Unificada LiderCalener (HULC). El objetivo es identificar oportunidades para reducir el consumo energético mediante mejoras en la envolvente térmica, la optimización&#xd;
de los sistemas de iluminación y otras intervenciones que permitan disminuir el uso de recursos energéticos.</subfield>
</datafield>
<datafield tag="024" ind2=" " ind1="8">
<subfield code="a">https://uvadoc.uva.es/handle/10324/70874</subfield>
</datafield>
<datafield ind1=" " ind2=" " tag="653">
<subfield code="a">Colegio San José (Valladolid, España)</subfield>
</datafield>
<datafield ind1=" " ind2=" " tag="653">
<subfield code="a">Eficiencia energética</subfield>
</datafield>
<datafield ind1=" " ind2=" " tag="653">
<subfield code="a">Herramienta Unificada LiderCalener (HULC)</subfield>
</datafield>
<datafield tag="245" ind1="0" ind2="0">
<subfield code="a">Estudio del comportamiento térmico del edificio principal en el colegio San José de Valladolid mediante el software Hulc y propuestas de mejora</subfield>
</datafield>
</record></metadata></record></GetRecord></OAI-PMH>